Software engineering : (Record no. 7786)
[ view plain ]
| 000 -LEADER | |
|---|---|
| fixed length control field | 01030cac a22002777a 4500 |
| 008 - FIXED-LENGTH DATA ELEMENTS--GENERAL INFORMATION | |
| fixed length control field | 130928t2005 nyua frb 001 0 eng d |
| 010 ## - LIBRARY OF CONGRESS CONTROL NUMBER | |
| LC control number | 2003026394 |
| 020 ## - INTERNATIONAL STANDARD BOOK NUMBER | |
| International Standard Book Number | 0071238409 |
| 020 ## - INTERNATIONAL STANDARD BOOK NUMBER | |
| International Standard Book Number | 9780071238403 |
| 040 ## - CATALOGING SOURCE | |
| Original cataloging agency | EG-ScBUE |
| Language of cataloging | eng |
| Transcribing agency | EG-ScBUE |
| 082 04 - DEWEY DECIMAL CLASSIFICATION NUMBER | |
| Classification number | 005.1 |
| Item number | PRE |
| Edition number | 22 |
| 100 1# - MAIN ENTRY--PERSONAL NAME | |
| Personal name | Pressman, Roger S. |
| 9 (RLIN) | 11350 |
| 245 10 - TITLE STATEMENT | |
| Title | Software engineering : |
| Remainder of title | a practitioner's approach / |
| Statement of responsibility, etc | Roger S. Pressman. |
| 250 ## - EDITION STATEMENT | |
| Edition statement | 6th ed., Intrnational Ed. |
| 260 ## - PUBLICATION, DISTRIBUTION, ETC. (IMPRINT) | |
| Place of publication, distribution, etc | New York : |
| Name of publisher, distributor, etc | McGraw-Hill Higher Education, |
| Date of publication, distribution, etc | c.2005. |
| 300 ## - PHYSICAL DESCRIPTION | |
| Extent | 912 p. : |
| Other physical details | ill. ; |
| Dimensions | 24 cm. |
| 500 ## - GENERAL NOTE | |
| General note | Index : p.905-912. |
| 504 ## - BIBLIOGRAPHY, ETC. NOTE | |
| Bibliography, etc | Includes bibliographical references. |
| 590 ## - LOCAL NOTE (RLIN) | |
| Local note | Catalogued by : Mostafa El-Helaly |
| 650 #0 - SUBJECT ADDED ENTRY--TOPICAL TERM | |
| Topical term or geographic name as entry element | Software engineering. |
| 9 (RLIN) | 33769 |
| Source of heading or term | BUEsh |
| 651 ## - SUBJECT ADDED ENTRY--GEOGRAPHIC NAME | |
| Source of heading or term | BUEsh |
| 653 ## - INDEX TERM--UNCONTROLLED | |
| Resource For college | Engineering, Mechanical |
| Arrived date list | August2015 |
| 856 41 - ELECTRONIC LOCATION AND ACCESS | |
| Materials specified | Table of contents |
| Uniform Resource Identifier | <a href="http://www.loc.gov/catdir/toc/ecip0411/2003026394.html">http://www.loc.gov/catdir/toc/ecip0411/2003026394.html</a> |
| 856 41 - ELECTRONIC LOCATION AND ACCESS | |
| Materials specified | Publisher description |
| Uniform Resource Identifier | <a href="http://www.loc.gov/catdir/enhancements/fy0702/2003026394-d.html">http://www.loc.gov/catdir/enhancements/fy0702/2003026394-d.html</a> |
| 942 ## - ADDED ENTRY ELEMENTS (KOHA) | |
| Item type | NB - Book (Non borrowing) |
| Call number prefix | 005.1P9357 |
| Source of classification or shelving scheme | Dewey Decimal Classification |
| Withdrawn status | Item status | Source of classification or shelving scheme | Damaged status | Not for loan | Vendor | Home library | Current library | Shelving location | Date acquired | Source of acquisition | Cost, normal purchase price | Total Checkouts | Full call number | Barcode | Date last seen | Date last borrowed | Cost, replacement price | Koha item type | Total Renewals |
|---|---|---|---|---|---|---|---|---|---|---|---|---|---|---|---|---|---|---|---|
| Dewey Decimal Classification | Central Library | Central Library | Lower Floor | 06/02/2008 | 240.00 | 1 | 005.1 PRE | 000005952 | 15/07/2025 | 25/11/2009 | 300.00 | NB - Book (Non borrowing) | |||||||
| Dewey Decimal Classification | Central Library | Central Library | Lower Floor | 06/02/2008 | Purchase | 3 | 005.1 PRE | 000009248 | 15/07/2025 | 18/02/2018 | Book - Borrowing | 17 | |||||||
| Dewey Decimal Classification | Central Library | Central Library | Lower Floor | 06/02/2008 | Purchase | 1 | 005.1 PRE | 000009239 | 15/07/2025 | 22/05/2017 | Book - Borrowing | 5 | |||||||
| Dewey Decimal Classification | Central Library | Central Library | Lower Floor | 06/02/2008 | Purchase | 3 | 005.1 PRE | 000005951 | 15/07/2025 | 11/09/2013 | Book - Borrowing | 1 | |||||||
| Dewey Decimal Classification | Central Library | Central Library | Lower Floor | 06/02/2008 | Purchase | 3 | 005.1 PRE | 000009249 | 15/07/2025 | 11/03/2012 | Book - Borrowing | 2 |